Knowledge Management : Processes and Technologies /

Guía sobre la administración del conocimiento, dividida en los siguientes capítulos: 1. Introducción. 2. Dos visiones complementarias. 3. Lecciones aprendidas de proyectos pasados y 4-10. Planeación, creación, integración, organización, transferencia, mantenimiento y evaluación de conocimiento.

Uloženo v:
Podrobná bibliografie
Hlavní autor: Rollett, Herwig (autor)
Médium: Kniha
Jazyk:angličtina
Vydáno: Boston, EUA : Kluwer, 2003, c2003
Témata:
Tagy: Přidat tag
Žádné tagy, Buďte první, kdo vytvoří štítek k tomuto záznamu!

MARC

LEADER 00000nam^a2200000^a^4500
001 000153967
005 20250521000000.0
009 20260310100336.913
020 |a 1-4020-7169-8 
037 |a Acervo ITESO - Biblioteca 
041 |a ING 
082 |a 658. 00285  |b ROL 
100 |a Rollett, Herwig  |e (autor) 
245 1 0 |a Knowledge Management :  |b Processes and Technologies /  |c H. Rollett ; pról. de Klaus Tochtermann. 
264 4 |a Boston, EUA :  |b Kluwer,  |c 2003, c2003 
300 |a XII, 231 p. 
336 |a texto  |b txt  |2 rdacontenido 
337 |a sin mediación  |b n  |2 rdamedio 
338 |a volumen  |b nc  |2 rdasoporte 
520 |a Guía sobre la administración del conocimiento, dividida en los siguientes capítulos: 1. Introducción. 2. Dos visiones complementarias. 3. Lecciones aprendidas de proyectos pasados y 4-10. Planeación, creación, integración, organización, transferencia, mantenimiento y evaluación de conocimiento. 
649 |a XX 
650 |a Empresas -  |x Administración 
650 |a Información -  |x Administración -  |x Tema Principal 
650 |a Conocimiento -  |x Administración -  |x Tema Principal 
650 |a Sistemas de Información -  |x Administración 
650 |a Informática 
650 |a Ingeniería Computacional 
650 |a Proceso Administrativo -  |x Dirección 
650 |a Administración 
650 |a Ciencias Administrativas 
910 |a Fondo General 
920 |a Impresos - Libros 
930 |a Colección General 
905 |a 101 
901 |a 0500085955  |b IT1  |c ACC  |u 20250521 
902 |a https://opac.biblio.iteso.mx/vufind/Record/000153967